000 00428nam a2200157Ia 4500
003 Ost
005 20260225132538.0
008 260225s9999||||xx |||||||||||||| ||und||
040 _cfsic
041 _afre
082 _a302.2
100 _aJean pierre ancieux
_eAuteur
245 0 _aLes régles d'or de la communication :
245 0 _bla présentation orale et ses supports visuelles /
_cJean pierre ancieux
942 _cكتاب
999 _c33311
_d33311